Cities with Highest GDP on a Map - Statistics

General Stats
  • This quiz has been taken 220 times
  • The average score is 29 of 34
Answers on the Map
Answers color-coded by a green-red scale on the quiz's map according to % correct below.
 
Answer Stats
GNP City % Correct
724 B Paris
99%
633.9 B London
98%
1893 B Tokyo
98%
1294 B Los Angeles
97%
1732 B New York
97%
513 B Beijing
95%
266 B Mexico City
95%
302.7 B Sydney
95%
354.7 B Miami
94%
548.6 B San Francisco
94%
894.9 B Seoul
94%
469 B Shanghai
94%
689.5 B Chicago
92%
373 B Hong Kong
92%
392 B Seattle
92%
349.5 B Singapore
91%
512.5 B Dallas
90%
463.6 B Boston
89%
408.9 B Sao Paulo
89%
478.8 B Houston
88%
681 B Osaka
88%
540.7 B Washington, D.C
88%
444.1 B Philadelphia
86%
334 B Toronto
86%
397.3 B Atlanta
85%
267.7 B Detroit
85%
341 B Guangzhou
84%
255.2 B Phoenix
83%
263.7 B Minneapolis
76%
338 B Shenzhen
75%
331 B San Jose
72%
368 B Nagoya
69%
342 B Chongqing
62%
256.5 B Suzhou
27%
No matching quizzes found
Score Distribution
Percent of People with Each Score
Percentile by Number Answered
Your Score History
You have not taken this quiz